[Event "Capablanca Memorial op 53rd"]
[Site "Havana"]
[Date "2018.05.09"]
[Round "1"]
[White "Vitier Vazquez, Cristian"]
[Black "Ortiz Suarez, Isan Reynaldo"]
[Result "0-1"]
[WhiteElo "2368"]
[BlackElo "2556"]
[PlyCount "107"]
[EventDate "2018.05.09"]
[EventType "swiss"]
[EventRounds "10"]
[EventCountry "CUB"]
[SourceTitle "CBM 184 Extra"]
[Source "ChessBase"]
[SourceDate "2018.06.28"]
[SourceVersion "1"]
[SourceVersionDate "2018.06.28"]
[SourceQuality "1"]

1. d4 Nf6 2. Nf3 g6 3. c4 c5 4. d5 b5 5. Qc2 bxc4 6. e4 d6 7. Bxc4 Bg7 8. Nbd2 0-0 9. 0-0 Nfd7 10. Rb1 a5 11. b3 a4 12. bxa4 Nb6 13. Bb2 f6 14. Bb5 Bd7 15. Nc4 Nxa4 16. Ba1 Ra7 17. Nfd2 Qe8 18. Bxd7 Nxd7 19. Rb3 Qf7 20. Rfb1 f5 21. Bxg7 Kxg7 22. Rf3 Nf6 23. exf5 Qxd5 24. fxg6 hxg6 25. Ne3 Qf7 26. Ne4 Qe8 27. Ng5 e5 28. Qc4 Re7 29. Rh3 Rh8 30. Rxh8 Kxh8 31. Rd1 Qd7 32. Qh4+ Kg8 33. Rb1 d5 34. Rb8+ Re8 35. Rxe8+ Nxe8 36. Ng4 Nc3 37. Nxe5 Qb7 38. h3 Nf6 39. Nxg6 Qb1+ 40. Kh2 Qxg6 41. Qg3 d4 42. Qb8+ Qe8 43. Qd6 Nce4 44. Qf4 Qe7 45. Qf5 Nxg5 46. Qxg5+ Kf7 47. a4 d3 48. Qf4 Qe4 49. Qc7+ Qe7 50. Qf4 Qd7 51. Qd2 c4 52. a5 Qd4 53. a6 Qd6+ 54. Kg1 0-1

[Event "Artemisa Inder Anivers"]
[Site "Artemisa"]
[Date "2018.02.24"]
[Round "8.1"]
[White "Pulido Alvarez, Ariel"]
[Black "Vitier Vazquez, Cristian"]
[Result "1/2-1/2"]
[WhiteElo "2261"]
[BlackElo "2352"]
[PlyCount "68"]
[EventDate "2018.02.20"]
[EventType "team-tourn"]
[EventRounds "10"]
[EventCountry "CUB"]
[SourceTitle "EXT 2021"]
[Source "ChessBase"]
[SourceDate "2020.10.23"]
[SourceVersion "1"]
[SourceVersionDate "2020.10.23"]
[SourceQuality "1"]
[WhiteTeam "Guanajay"]
[BlackTeam "Artemisa"]
[WhiteTeamCountry "CUB"]
[BlackTeamCountry "CUB"]

1. e4 e6 2. d4 d5 3. e5 c5 4. c3 Nc6 5. Nf3 Qb6 6. a3 Nh6 7. b4 cxd4 8. cxd4 Nf5 9. Be3 f6 10. exf6 gxf6 11. Be2 Nxe3 12. fxe3 Bh6 13. Qd3 Bd7 14. Nc3 Ne7 15. 0-0 0-0-0 16. Kh1 Kb8 17. Nd2 e5 18. Nb3 e4 19. Qd2 Bc8 20. Nc5 Nf5 21. Nd1 Qd6 22. b5 Rhg8 23. Rb1 Nh4 24. Rf2 Nxg2 25. Rxg2 Rxg2 26. Kxg2 Rg8+ 27. Kh1 Bh3 28. Bh5 Rg5 29. Qe2 Qe7 30. Qc2 Qg7 31. Na6+ Ka8 32. Nc7+ Kb8 33. Na6+ Ka8 34. Nc7+ Kb8 1/2-1/2

[Event "Artemisa Inder Anivers"]
[Site "Artemisa"]
[Date "2018.02.20"]
[Round "1.2"]
[White "Vitier Vazquez, Cristian"]
[Black "Gutierrez Delgado, Yusuan Alfredo"]
[Result "1/2-1/2"]
[WhiteElo "2352"]
[BlackElo "2268"]
[PlyCount "55"]
[EventDate "2018.02.20"]
[EventType "team-tourn"]
[EventRounds "10"]
[EventCountry "CUB"]
[SourceTitle "EXT 2021"]
[Source "ChessBase"]
[SourceDate "2020.10.23"]
[SourceVersion "1"]
[SourceVersionDate "2020.10.23"]
[SourceQuality "1"]
[WhiteTeam "Artemisa"]
[BlackTeam "San Antonio de los Banos"]
[WhiteTeamCountry "CUB"]
[BlackTeamCountry "CUB"]

1. d4 Nf6 2. c4 e6 3. Nc3 Bb4 4. Qc2 0-0 5. a3 Bxc3+ 6. Qxc3 d5 7. Nf3 dxc4 8. Qxc4 b6 9. Bg5 Ba6 10. Qa4 Qd7 11. Qc2 Qc6 12. Qxc6 Nxc6 13. Bxf6 gxf6 14. e3 Bxf1 15. Rxf1 Na5 16. Rc1 c5 17. dxc5 Nb3 18. Rc2 Nxc5 19. Ke2 a5 20. Rd1 Rfd8 21. Nd2 Kf8 22. Nc4 Nd7 23. Rc3 Ke7 24. f3 f5 25. Rdd3 Rg8 26. g3 Rab8 27. Rd4 Rb7 28. Nd2 1/2-1/2

[Event "Giraldilla de La Habana tt"]
[Site "Havana"]
[Date "2018.??.??"]
[Round "8.1"]
[White "Vitier Vazquez, Cristian"]
[Black "Yanes Canizares, Alejandro"]
[Result "1/2-1/2"]
[WhiteElo "2375"]
[BlackElo "2283"]
[PlyCount "39"]
[EventDate "2018.07.27"]
[EventType "team-tourn"]
[EventRounds "9"]
[EventCountry "CUB"]
[SourceTitle "EXT 2021"]
[Source "ChessBase"]
[SourceDate "2020.10.23"]
[SourceVersion "1"]
[SourceVersionDate "2020.10.23"]
[SourceQuality "1"]

1. d4 Nf6 2. c4 e6 3. Nc3 Bb4 4. Nf3 0-0 5. Bg5 h6 6. Bh4 c5 7. Rc1 cxd4 8. Nxd4 Nc6 9. e3 Be7 10. Be2 a6 11. 0-0 d6 12. Qd2 Bd7 13. Rfd1 Ne5 14. Bg3 Rc8 15. b3 Qc7 16. Nf3 Qb8 17. Qd4 Nc6 18. Qd2 Ne5 19. Qd4 Nc6 20. Qd2 1/2-1/2

[Event "Capablanca Memorial op 52nd"]
[Site "Matanzas"]
[Date "2017.05.28"]
[Round "2"]
[White "Ibanez Milian, Dagoberto"]
[Black "Vitier Vazquez, Cristian"]
[Result "0-1"]
[WhiteElo "2202"]
[BlackElo "2361"]
[PlyCount "106"]
[EventDate "2017.05.27"]
[EventType "swiss"]
[EventRounds "10"]
[EventCountry "CUB"]
[SourceTitle "EXT 2018"]
[Source "ChessBase"]
[SourceDate "2017.10.13"]
[SourceVersion "1"]
[SourceVersionDate "2017.10.13"]
[SourceQuality "1"]

1. Nf3 c5 2. e4 d6 3. d4 cxd4 4. Nxd4 Nf6 5. Nc3 a6 6. g3 e5 7. Nde2 b5 8. Bg2 Nbd7 9. a3 Be7 10. h3 h5 11. 0-0 Bb7 12. Bg5 Rc8 13. Qd2 Nc5 14. Bxf6 Bxf6 15. Rad1 Be7 16. f4 0-0 17. Kh1 h4 18. gxh4 Bxh4 19. f5 Na4 20. Nxa4 bxa4 21. Nc3 Bg3 22. f6 Bf4 23. Qxd6 Qxf6 24. Qxf6 gxf6 25. Rd6 Rc6 26. Rfd1 Rb8 27. Rd8+ Rxd8 28. Rxd8+ Kg7 29. Rb8 Bc8 30. Bf1 Bd2 31. Nb1 Bc1 32. c4 f5 33. exf5 Bxf5 34. Nc3 Bd2 35. Nxa4 Be4+ 36. Bg2 Bxg2+ 37. Kxg2 Rxc4 38. b3 Rc2 39. Kf3 f5 40. Nb6 e4+ 41. Kg3 Rc3+ 42. Kg2 Rxb3 43. Nd7 Rxb8 44. Nxb8 a5 45. Nc6 Kf6 46. a4 f4 47. Nd4 Kg5 48. Ne6+ Kf5 49. Nc5 Bb4 50. Nb3 Bc3 51. Nc5 f3+ 52. Kf1 e3 53. Nd3 Ke4 0-1

[Event "Porlamar"]
[Site "Porlamar"]
[Date "2016.12.12"]
[Round "9"]
[White "Uzcategui Rodriguez, Alejandro"]
[Black "Vitier Vazquez, Cristian"]
[Result "1/2-1/2"]
[WhiteElo "2195"]
[BlackElo "2365"]
[PlyCount "30"]
[EventDate "2016.12.08"]
[EventType "tourn"]
[EventRounds "9"]
[EventCountry "VEN"]
[EventCategory "1"]
[SourceTitle "CBM 176 Extra"]
[Source "ChessBase"]
[SourceDate "2017.03.02"]
[SourceVersion "1"]
[SourceVersionDate "2017.03.02"]
[SourceQuality "1"]

1. d4 Nf6 2. Bg5 Ne4 3. Bh4 d5 4. f3 g5 5. fxe4 gxh4 6. exd5 Qxd5 7. Nc3 Qa5 8. e4 Bg7 9. Nf3 0-0 10. Bd3 c5 11. 0-0 h3 12. e5 cxd4 13. Bxh7+ Kxh7 14. Qd3+ Kh6 15. Qd2+ Kh7 1/2-1/2

[Event "Porlamar"]
[Site "Porlamar"]
[Date "2016.12.09"]
[Round "2"]
[White "Coto Mederos, Michel"]
[Black "Vitier Vazquez, Cristian"]
[Result "1/2-1/2"]
[WhiteElo "2357"]
[BlackElo "2365"]
[PlyCount "30"]
[EventDate "2016.12.08"]
[EventType "tourn"]
[EventRounds "9"]
[EventCountry "VEN"]
[EventCategory "1"]
[SourceTitle "CBM 176 Extra"]
[Source "ChessBase"]
[SourceDate "2017.03.02"]
[SourceVersion "1"]
[SourceVersionDate "2017.03.02"]
[SourceQuality "1"]

1. Nf3 Nf6 2. g3 d5 3. Bg2 Bf5 4. 0-0 e6 5. d3 Be7 6. Nbd2 0-0 7. c4 c6 8. b3 h6 9. Bb2 Nbd7 10. Qc2 a5 11. Rad1 Bh7 12. Rfe1 Qc7 13. e4 dxe4 14. Nxe4 Nxe4 15. dxe4 Nc5 1/2-1/2

[Event "Porlamar"]
[Site "Porlamar"]
[Date "2016.12.08"]
[Round "1"]
[White "Vitier Vazquez, Cristian"]
[Black "Rodriguez Alvarez, Vidal Hely"]
[Result "0-1"]
[WhiteElo "2365"]
[BlackElo "2156"]
[PlyCount "57"]
[EventDate "2016.12.08"]
[EventType "tourn"]
[EventRounds "9"]
[EventCountry "VEN"]
[EventCategory "1"]
[SourceTitle "CBM 176 Extra"]
[Source "ChessBase"]
[SourceDate "2017.03.02"]
[SourceVersion "1"]
[SourceVersionDate "2017.03.02"]
[SourceQuality "1"]

1. Nf3 c5 2. c4 g6 3. Nc3 Bg7 4. d4 cxd4 5. Nxd4 Nc6 6. Nc2 Bxc3+ 7. bxc3 Qa5 8. Qd2 d6 9. e4 Nf6 10. f3 Be6 11. Ne3 Rc8 12. Rb1 b6 13. Be2 Ne5 14. Rb4 0-0 15. 0-0 Rc5 16. f4 Nc6 17. Bd3 Qa6 18. Nd5 Qc8 19. Ra4 Bxd5 20. cxd5 Na5 21. Qe2 Qd7 22. Rb4 e6 23. Be3 exd5 24. Bxc5 dxc5 25. Rbb1 Re8 26. Qf3 dxe4 27. Bc2 Qd2 28. f5 g5 29. Rf2 0-1

[Event "Capablanca Memorial op 51st"]
[Site "Varadero"]
[Date "2016.06.09"]
[Round "1"]
[White "Vitier Vazquez, Cristian"]
[Black "Vera Gonzalez Quevedo, Reynaldo"]
[Result "1/2-1/2"]
[WhiteElo "2326"]
[BlackElo "2431"]
[PlyCount "51"]
[EventDate "2016.06.09"]
[EventType "swiss"]
[EventRounds "10"]
[EventCountry "CUB"]
[SourceTitle "EXT 2017"]
[Source "ChessBase"]
[SourceDate "2016.10.25"]
[SourceVersion "1"]
[SourceVersionDate "2016.10.25"]
[SourceQuality "1"]

1. d4 d5 2. c4 dxc4 3. Nf3 Nf6 4. e3 e6 5. Bxc4 c5 6. 0-0 Nc6 7. Nc3 cxd4 8. exd4 Be7 9. Qe2 0-0 10. Rd1 Na5 11. Bg5 Nxc4 12. Qxc4 h6 13. Bh4 Bd7 14. d5 exd5 15. Nxd5 Nxd5 16. Qxd5 Ba4 17. Bxe7 Qxe7 18. b3 Rfd8 19. Qa5 Bc6 20. Nd4 Qe4 21. Nxc6 Rxd1+ 22. Rxd1 Qxc6 23. Rd8+ Rxd8 24. Qxd8+ Kh7 25. Qd2 g5 26. h3 1/2-1/2

[Event "Capablanca Memorial op 49th"]
[Site "Havana"]
[Date "2014.05.10"]
[Round "3"]
[White "Vitier Vazquez, Cristian"]
[Black "Alarcon Casellas, Rolando"]
[Result "1/2-1/2"]
[WhiteElo "2288"]
[BlackElo "2394"]
[PlyCount "23"]
[EventDate "2014.04.08"]
[EventType "swiss"]
[EventRounds "10"]
[EventCountry "CUB"]
[SourceTitle "CBM 160 Extra"]
[Source "ChessBase"]
[SourceDate "2014.07.01"]
[SourceVersion "1"]
[SourceVersionDate "2014.07.01"]
[SourceQuality "1"]

1. Nf3 d5 2. c4 c6 3. e3 Nf6 4. Nc3 e6 5. d4 Nbd7 6. Be2 dxc4 7. Bxc4 b5 8. Be2 a6 9. Qc2 c5 10. dxc5 Bxc5 11. b3 Qb6 12. a3 1/2-1/2

[Event "Capablanca Memorial op 49th"]
[Site "Havana"]
[Date "2014.05.09"]
[Round "2"]
[White "Diaz Murgada, Rider"]
[Black "Vitier Vazquez, Cristian"]
[Result "1-0"]
[WhiteElo "2375"]
[BlackElo "2288"]
[PlyCount "71"]
[EventDate "2014.04.08"]
[EventType "swiss"]
[EventRounds "10"]
[EventCountry "CUB"]
[SourceTitle "CBM 160 Extra"]
[Source "ChessBase"]
[SourceDate "2014.07.01"]
[SourceVersion "1"]
[SourceVersionDate "2014.07.01"]
[SourceQuality "1"]

1. d4 Nf6 2. c4 e6 3. Nf3 Bb4+ 4. Nbd2 0-0 5. a3 Be7 6. e4 d5 7. e5 Nfd7 8. b4 a5 9. b5 c5 10. Bb2 cxd4 11. Bxd4 Nc5 12. Be2 Nbd7 13. Qc2 b6 14. cxd5 exd5 15. 0-0 Bb7 16. Rfd1 Re8 17. Nf1 a4 18. Bb2 Ne4 19. Ng3 Bc5 20. Rf1 Nf8 21. Bd3 Nxg3 22. hxg3 d4 23. Rfe1 Ng6 24. Rad1 Bxf3 25. gxf3 Rxe5 26. Rxe5 Nxe5 27. Bxh7+ Kf8 28. Be4 Ra7 29. Kg2 Qd6 30. f4 Nd7 31. Qc4 Nf6 32. Bc6 Bxa3 33. Rxd4 Qc5 34. Qe2 g6 35. Rd8+ Kg7 36. Qe8 1-0

[Event "Capablanca Memorial op-A 48th"]
[Site "Havana"]
[Date "2013.04.29"]
[Round "8"]
[White "Olivares Canelles, Francisco"]
[Black "Vitier Vazquez, Cristian"]
[Result "0-1"]
[WhiteElo "2324"]
[BlackElo "2260"]
[PlyCount "74"]
[EventDate "2013.04.21"]
[EventType "swiss"]
[EventRounds "10"]
[EventCountry "CUB"]
[SourceTitle "CBM 154 Extra"]
[Source "ChessBase"]
[SourceDate "2013.06.25"]
[SourceVersion "2"]
[SourceVersionDate "2013.06.25"]
[SourceQuality "1"]

1. d4 Nf6 2. Nf3 g6 3. Bf4 Bg7 4. e3 0-0 5. Be2 d6 6. h3 Nc6 7. Bh2 Nd7 8. d5 Nce5 9. Nfd2 Nf6 10. Nc3 Ned7 11. 0-0 e5 12. e4 Ne8 13. Nc4 f5 14. f4 exf4 15. exf5 g5 16. h4 h6 17. hxg5 hxg5 18. g3 fxg3 19. Bxg3 Nc5 20. Bg4 Bf6 21. Ne3 Ng7 22. Rf3 Bd7 23. Qd2 b5 24. Raf1 Qe7 25. Bh2 b4 26. Ncd1 a5 27. Rh3 Ne4 28. Qg2 Bd4 29. Kh1 Bb5 30. Rff3 Nf6 31. Qd2 Qe4 32. Qg2 Rae8 33. Bg1 c6 34. Rh6 Be2 35. Qxe2 Nxg4 36. Nf2 Nxf2+ 37. Bxf2 g4 0-1

[Event "Capablanca Memorial op-A 48th"]
[Site "Havana"]
[Date "2013.04.28"]
[Round "7"]
[White "Vitier Vazquez, Cristian"]
[Black "Gonzalez Ochoa, Yoana"]
[Result "1-0"]
[WhiteElo "2260"]
[BlackElo "2060"]
[PlyCount "47"]
[EventDate "2013.04.21"]
[EventType "swiss"]
[EventRounds "10"]
[EventCountry "CUB"]
[SourceTitle "CBM 154 Extra"]
[Source "ChessBase"]
[SourceDate "2013.06.25"]
[SourceVersion "2"]
[SourceVersionDate "2013.06.25"]
[SourceQuality "1"]

1. Nf3 Nf6 2. c4 c5 3. Nc3 Nc6 4. e3 e5 5. d4 exd4 6. exd4 cxd4 7. Nxd4 Bc5 8. Nb3 Bb4 9. a3 Bxc3+ 10. bxc3 0-0 11. Be2 Ne4 12. Qc2 Qf6 13. 0-0 Qxc3 14. Qxe4 Qxb3 15. Bd3 g6 16. Bh6 d5 17. Qf3 Qc3 18. Rac1 Nd4 19. Rxc3 Nxf3+ 20. gxf3 Rd8 21. cxd5 Rxd5 22. Be4 Rh5 23. Bf4 Bh3 24. Rd1 1-0